| 000 | 00581nam a22002177a 4500 | ||
|---|---|---|---|
| 003 | OSt | ||
| 005 | 20160719161801.0 | ||
| 008 | 160719b xxu||||| |||| 00| 0 eng d | ||
| 020 | _a0801651646 | ||
| 040 | _c040a | ||
| 082 |
_aWA 590 _bP293u 1989 |
||
| 100 |
_aPayne, Wayne A. _92173 |
||
| 245 |
_aUnderstanding your health / _cWayne A. Payne, Dale B. Hahn |
||
| 250 | _a2nd.ed | ||
| 260 |
_aSt.Loius _bMosby _c1989 |
||
| 300 |
_axxvii, v.paging; _bcol.ill : _c24 cm |
||
| 504 | _aIncludes index | ||
| 650 |
_aHealth _92172 |
||
| 700 |
_aHahn, Dale B. _92171 |
||
| 942 |
_2z _cO_SHELF |
||
| 999 |
_c4785 _d4785 |
||